<?xml version="1.0" encoding="UTF-8"?><?xml-stylesheet type="text/xsl" href="static/style.xsl"?><OAI-PMH xmlns="http://www.openarchives.org/OAI/2.0/" xmlns:xsi="http://www.w3.org/2001/XMLSchema-instance" xsi:schemaLocation="http://www.openarchives.org/OAI/2.0/ http://www.openarchives.org/OAI/2.0/OAI-PMH.xsd"><responseDate>2026-04-17T23:14:38Z</responseDate><request verb="GetRecord" identifier="oai:riubu.ubu.es:10259/6434" metadataPrefix="marc">https://riubu.ubu.es/oai/request</request><GetRecord><record><header><identifier>oai:riubu.ubu.es:10259/6434</identifier><datestamp>2022-11-10T13:05:17Z</datestamp><setSpec>com_10259_5363</setSpec><setSpec>com_10259_5086</setSpec><setSpec>com_10259_2604</setSpec><setSpec>col_10259_5364</setSpec></header><metadata><record xmlns="http://www.loc.gov/MARC21/slim" xmlns:doc="http://www.lyncode.com/xoai" xmlns:xsi="http://www.w3.org/2001/XMLSchema-instance" xmlns:dcterms="http://purl.org/dc/terms/" xsi:schemaLocation="http://www.loc.gov/MARC21/slim http://www.loc.gov/standards/marcxml/schema/MARC21slim.xsd">
<leader>00925njm 22002777a 4500</leader>
<datafield tag="042" ind1=" " ind2=" ">
<subfield code="a">dc</subfield>
</datafield>
<datafield tag="720" ind1=" " ind2=" ">
<subfield code="a">Osés Gómez, Sandra María</subfield>
<subfield code="e">author</subfield>
</datafield>
<datafield tag="720" ind1=" " ind2=" ">
<subfield code="a">Cantero, Leire</subfield>
<subfield code="e">author</subfield>
</datafield>
<datafield tag="720" ind1=" " ind2=" ">
<subfield code="a">Puertas López, Guillermo</subfield>
<subfield code="e">author</subfield>
</datafield>
<datafield tag="720" ind1=" " ind2=" ">
<subfield code="a">Fernández Muiño, Miguel Ángel</subfield>
<subfield code="e">author</subfield>
</datafield>
<datafield tag="720" ind1=" " ind2=" ">
<subfield code="a">Sancho Ortiz, María Teresa</subfield>
<subfield code="e">author</subfield>
</datafield>
<datafield tag="260" ind1=" " ind2=" ">
<subfield code="c">2022-04</subfield>
</datafield>
<datafield tag="520" ind1=" " ind2=" ">
<subfield code="a">Honey powder is being increasingly used in food, cosmetic and pharmaceutical industry, because it avoids inconveniences of raw honey, such as high viscosity, stickiness and formation of sugar crystals. It is of paramount importance to know if honey powders keep the features of raw honeys. This is the first study, in which total phenolics, total flavonoids, and biological properties of ling-heather (Calluna vulgaris (L.) Hull) honey powders obtained by different drying methods (spray drying, vacuum drying and freeze drying), using different carriers (Arabic gum, whey protein isolate and maltodextrin) were assessed. Results showed that all the drying procedures and carriers retained the honey phenolics in the honey powders. Honey powders' antioxidant activities against different free radicals (ABTS•+, ROO•, •OH and O2•-) were higher than those of the raw honeys, while honey powders’ anti-inflammatory and antimicrobial activities against several microorganisms (Staphylococcus aureus, Listeria monocytogenes and Escherichia coli) were lower. Concentration of honey in the powder and type of carrier used for dehydration were the key factors for the quality of honey powders. However, the drying procedure did not strongly influence the parameters and properties studied.</subfield>
</datafield>
<datafield tag="024" ind2=" " ind1="8">
<subfield code="a">0023-6438</subfield>
</datafield>
<datafield tag="024" ind2=" " ind1="8">
<subfield code="a">http://hdl.handle.net/10259/6434</subfield>
</datafield>
<datafield tag="024" ind2=" " ind1="8">
<subfield code="a">10.1016/j.lwt.2022.113235</subfield>
</datafield>
<datafield ind1=" " ind2=" " tag="653">
<subfield code="a">Honey powder</subfield>
</datafield>
<datafield ind1=" " ind2=" " tag="653">
<subfield code="a">Functional activities</subfield>
</datafield>
<datafield ind1=" " ind2=" " tag="653">
<subfield code="a">Freeze drying</subfield>
</datafield>
<datafield ind1=" " ind2=" " tag="653">
<subfield code="a">Vacuum drying</subfield>
</datafield>
<datafield ind1=" " ind2=" " tag="653">
<subfield code="a">Spray drying</subfield>
</datafield>
<datafield tag="245" ind1="0" ind2="0">
<subfield code="a">Antioxidant, antimicrobial and anti-inflammatory activities of ling-heather honey powder obtained by different methods with several carriers</subfield>
</datafield>
</record></metadata></record></GetRecord></OAI-PMH>